01161 2200337 4500001002100000005001500021035002000036007000300056008004100059020002200100040002200122082001400144084001600158090002200174100003800196245021000234250003200444300004100476650002700517700003100544850001200575504003300587264004200620336002100662337003000683338002300713999002200736990002100758990002200779990002200801INLIS00000000089681020250610023157 a0010-0625000181ta250610s2025 yoia g ind d a978-623-515-501-2 aYOPDYOGbinderda04223a184.2 a184.2 DEW b aCB-D.11 2025-12360 aDewi Indra PuspitasariePengarang10aBelajar filsafat bersama Plato :bmempelajari dunia ide, kisah tentang bayangan gua, konsep pengetahuan dan jiwa, serta relevansinya untuk zaman modern /cDewi Indra Puspitasari; penyunting, Herman Adamson aCetakan Pertama, April 2025 axii, 484 halaman :bgambar ;c20 cm 4aFilsafat Kuno--xPlato0 aHerman AdamsonePenyunting aYOPDYOG aBibliografi: halaman 474-47831aBantul :bAnak Hebat Indonesia,c2025 2rdacontentateks 2rdamediaatanpa perantara 2rdacarrieravolume aCB-D.11/2025-1236 aCB-D.11/2025-236 aCB-D.11/2025-1236 aCB-D.11/2025-1236